Da propylamina, trimethylamina e seus saes sob o ponto de vista pharmacologico e therapeutico (Record no. 114463)

MARC details
000 -LEADER
campo de control de longitud fija 00591nam a2200145 i 4500
001 - NÚMERO DE CONTROL
campo de control 114463
003 - IDENTIFICADOR DE NÚMERO DE CONTROL
campo de control ES-MaACL
007 - CAMPO FIJO DE DESCRIPCIÓN FÍSICA--INFORMACIÓN GENERAL
campo de control de longitud fija t|
008 - DATOS DE LONGITUD FIJA--INFORMACIÓN GENERAL
campo de control de longitud fija 030717s1877 po ||||1| por d
100 1# - ENTRADA PRINCIPAL--NOMBRE DE PERSONA
Nombre de persona Costa Alvarenga, Pedro Francisco da.
9 (RLIN) 41084
245 13 - MENCIÓN DEL TÍTULO
Título Da propylamina, trimethylamina e seus saes sob o ponto de vista pharmacologico e therapeutico
Resto del título : memoria apresentada á Academia Real das Sciencias de Lisboa /
Mención de responsabilidad, etc. Pedro Francisco Costa Alvarenga.
260 ## - PUBLICACIÓN, DISTRIBUCIÓN, ETC.
Lugar de publicación, distribución, etc. Lisboa :
Nombre del editor, distribuidor, etc. [s.n.],
Fecha de publicación, distribución, etc. 1877 (
Fabricante Typ. Academia Real das Sciencias)
300 ## - DESCRIPCIÓN FÍSICA
Extensión 104, [4] p. ;
Dimensiones 29 cm.
852 ## - LOCALIZACIÓN
Ubicación ES-MaACL
Número de control de estantería T-235-F-4
Holdings
Estatus retirado Estado de pérdida Estado de daño No para préstamo Colección Biblioteca de origen Biblioteca actual Ubicación en estantería Fecha de adquisición Fuente de adquisición Total de préstamos Signatura topográfica completa Código de barras Visto por última vez Precio de reemplazo Tipo de ítem Koha
        Colección de folletos Biblioteca del Ateneo de Madrid Biblioteca del Ateneo de Madrid Depósito folletos 17/01/2008     T-235-F-4 1119372 23/02/2023 23/02/2023 Folleto